Vyhoďme ho z kola ven /

Uloženo v:
Hlavní autor: Kesey, Ken, 1935-2001 (Autor)
Další autoři: Kořán, Jaroslav, 1940-2017 (Autor)
Médium: Kniha
Jazyk:Czech
Vydáno: Praha : Argo, 2018
Vydání:V nakladatelství Argo vydání druhé
Edice:Filmová řada (Argo)
Témata:
Celkem bylo vypůjčeno:0x
Tagy:
Žádné tagy
LEADER 01382cam a2200397 i 4500
001 106302
003 CZ PrNK
005 20260512115126.0
007 ta
008 180524s2018 xr e 000 f cze
015 |a cnb003000113 
020 |a 9788025724583  |q (brožováno) 
040 |a ABG001  |b cze  |d OLA001  |e rda 
041 1 |a cze  |h eng 
072 7 |a 821.111(73)-3  |x Americká próza  |2 Konspekt  |9 25 
080 |a 821.111(73)-31  |2 MRF 
080 |a (0:82-31)  |2 MRF 
100 1 |a Kesey, Ken,  |d 1935-2001  |7 jo20010087027  |4 aut  |9 19970 
240 1 0 |a One flew over the cuckoo's nest.  |l Česky 
245 1 0 |a Vyhoďme ho z kola ven /  |c Ken Kesey ; přeložil Jaroslav Kořán 
250 |a V nakladatelství Argo vydání druhé 
264 1 |a Praha :  |b Argo,  |c 2018 
300 |a 278 stran ;  |c 21 cm 
336 |a text  |b txt  |2 rdacontent 
337 |a bez média  |b n  |2 rdamedia 
338 |a svazek  |b nc  |2 rdacarrier 
490 1 |a Filmová řada ;  |v 2 
500 |a Přeloženo z angličtiny 
655 7 |a americké romány  |7 fd131796  |2 czenas  |9 53403 
655 9 |a American fiction  |2 eczenas 
700 1 |a Kořán, Jaroslav,  |d 1940-2017  |7 jk01061870  |4 trl  |9 107914 
830 0 |a Filmová řada (Argo) 
910 |a UOG502 
942 |2 ddc  |c KN 
999 |d 106302 
993 |0 0  |1 421180107027  |2 ddc  |4 0  |7 0  |9 99675  |b 0  |c 107027  |d 2026-05-12  |e 0  |f DOSP  |h 298.00  |i Koupě  |l DOSP  |r 2026-05-12  |t 6  |w 2026-05-12  |y KN  |z BELET  |n